000 01328na a2200349 4500
001 14724
003 MIRAKIL
005 20181213155201.0
008 160920b tu 000 0
020 _a9751909651
035 _a14724
040 _aMilas
_btur
_cTR-AnCHP
041 _atur
_aeng
082 _a324.9561 1994
_bT95y 1994
090 _a324.9561 1994 T95y 1994
110 _aTürkiye İstatistik Kurumu (TÜİK)
222 _aYerel seçim sonuçları 1994
245 _aMahalli idareler seçimi sonuçları
_b27.3.1994 = The results of elections of local administration.
_cBaşbakanlık Devlet İstatistik Enstitüsü Başkanlığı
246 _a1994 yerel seçimleri
246 _aResults of elections of local administration
260 _aAnkara
_bDevlet İstatistik Enstitüsü (DİE)
_c1994
300 _avii, 677 s.
_btbl.
_c29 sm.
490 _aDevlet İstatistik Enstitüsü
_v1713
546 _aMetinler Türkçe-İngilizce karşılıklıdır.
650 _aSeçimler
_xİstatistikler
_zTürkiye
650 _aSiyasal partiler
_x1994-1999
_zTürkiye
650 _aYerel yönetimler
_xSeçimler
_zTürkiye
650 _aYerel seçimler
_yİstatistikler
_zTürkiye
651 _aTürkiye
_xYerel seçimler, 1994
_yİstatistikler
651 _aTürkiye
_xYerel yönetim
_y1994-1999
942 _2ddc
_cBKS
999 _c8140
_d8140